000
00250nam a2200109Ia 4500
008
220204s9999 xx 000 0 und d
082
_b
DAM
100
_a
Damodara Panicker
245
0
_a
Driver
260
_a
Kottayam
_b
Auto Chambers
_c
1973
942
_c
BK
999
_c
26347
_d
26347